[Event "Winter Chess Classic-B 2018"]
[Site "Saint Louis"]
[Date "2018.11.12"]
[Round "8"]
[White "Hakobyan, Aram"]
[Black "Benjamin, Joel"]
[Result "1-0"]
[WhiteElo "2565"]
[BlackElo "2526"]
[Annotator "TA"]
[PlyCount "65"]
[EventDate "2018.11.05"]
[EventType "tourn"]
[EventCountry "USA"]
[SourceTitle "playchess.com"]
[Source "ChessBase"]
[SourceQuality "1"]

{[%evp 19,65,0,16,0,0,0,0,0,0,-19,22,-12,33,37,42,-36,54,53,107,104,108,114,112,112,110,105,105,107,152,160,142,146,176,170,164,185,167,170,349,355,481,486,479,456,485,483,468,472]} 1. d4 Nf6 2. c4 e6 3. g3 Bb4+ 4. Bd2 a5 5. Bg2 O-O 6. Nf3 b6 7. O-O Ba6 8. Qc2 c5 9. Bg5 {E15: Queen's Indian: 4 g3 sidelines, 4 g3 Ba6 and 4 g3 Bb7 early deviations} cxd4 10. Nxd4 Ra7 $1 {LiveBook: 3 Games} 11. Nc3 {The position is equal.} Rc7 12. Ncb5 {Black must now prevent Bxf6.} Rc8 {Strongly threatening ...e5.} 13. Qd3 $146 ({Predecessor:} 13. Qb3 d5 14. a3 Rxc4 15. axb4 Rxb4 16. Qd3 e5 {½-½ (25) Nielsen,P (2681)-Postny,E (2618) Khanty-Mansiysk 2011}) 13... Re8 14. Rfd1 h6 15. Bd2 {And now Bxb4 would win.} (15. Bxf6 $5 Qxf6 16. a3 $11) 15... Bxd2 16. Rxd2 d5 $1 17. Qa3 (17. cxd5 $14 exd5 18. Qa3) 17... Rc5 (17... Rxc4 $15 18. Nd6 Rxd4 $1 {[%mdl 512]} 19. Rxd4 Re7) 18. Nb3 $1 $36 {[%cal Rb3c5][%mdl 2048] White has good play.} Rc6 (18... Rxc4 $14 19. Nd6 Rc7) 19. cxd5 $16 exd5 20. Nc3 $1 Qd6 21. Qxd6 Rxd6 22. Rad1 Kf8 23. e4 Rde6 {[%cal Rf6e4]} 24. Nd4 R6e7 {[%cal Rd5e4]} 25. Nf5 Re6 {[%cal Rd5e4]} 26. Nxd5 Nxe4 27. Bxe4 Rxe4 28. Nfe3 $1 Bb7 $2 {[#]} (28... Rd8 29. Nxb6 Rxd2 30. Rxd2 Re8) 29. Nc7 $1 $18 ({Less strong is} 29. Nxb6 R4e6 $16) 29... Rc8 {[#]} 30. Rd8+ $1 {White is clearly winning.} Ke7 31. Nf5+ ({Not} 31. Rxc8 Bxc8 32. Ned5+ Kd8 $18) 31... Kf6 {Threatens to win with ...Rxd8.} 32. Rxc8 Bxc8 33. Nd6 {Precision: White = 68%, Black = 44%.} 1-0

[Event "Winter Chess Classic-B 2018"]
[Site "Saint Louis"]
[Date "2018.11.12"]
[Round "8"]
[White "Van Foreest, Lucas"]
[Black "Perelshteyn, Eugene"]
[Result "1-0"]
[WhiteElo "2499"]
[BlackElo "2493"]
[Annotator "TA"]
[PlyCount "71"]
[EventDate "2018.11.05"]
[EventType "tourn"]
[EventCountry "USA"]
[SourceTitle "playchess.com"]
[Source "ChessBase"]
[SourceQuality "1"]

{[%evp 11,71,66,81,56,98,46,49,49,74,81,85,91,102,88,81,75,75,91,119,92,100,85,102,95,102,101,108,91,76,91,126,131,136,134,277,141,279,269,332,310,453,444,441,431,422,431,467,452,429,399,421,405,391,389,381,376,489,425,585,578,584,578]} 1. e4 g6 2. d4 Bg7 3. Nf3 d6 {[%cal Bd7d6,Bd6d5][%mdl 32]} 4. Bc4 c6 5. O-O d5 6. Bb3 {B06: Modern Defence} Bg4 {LiveBook: 8 Games} 7. Nc3 {[%cal Re4d5]} (7. Nbd2 e6 8. h3 Bxf3 9. Nxf3 dxe4 10. Ng5 Qxd4 11. Qxd4 Bxd4 12. Nxe4 Be5 13. Nc5 b6 {0-1 (42) Mchedlishvili,M (2632)-Mamedyarov,S (2743) Dubai 2014}) 7... e6 8. h3 (8. Re1 $16) 8... Bxf3 $1 $14 9. Qxf3 {Threatens to win with Re1.} Ne7 10. Bg5 {[%cal Bc1g5,Bg5h4,Bh4g3][%mdl 32] Strongly threatening exd5.} O-O 11. Rfe1 {exd5 is the strong threat.} f6 12. Bh4 $146 ({Predecessor:} 12. Bf4 Na6 13. Rad1 Qd7 {1-0 (30) Hauser,S (2281)-Van der Veen,J ICCF email 2005}) 12... Na6 13. Bg3 Qd7 14. Ne2 {[%cal Bc3e2,Be2c1,Bc1d3,Bd3e1][%mdl 32]} g5 15. Nc1 f5 16. exd5 exd5 {[#]} 17. c3 $1 Ng6 18. Nd3 f4 19. Bh2 Rae8 20. Bc2 Rxe1+ 21. Rxe1 Re8 22. Qh5 Rxe1+ 23. Nxe1 Qe8 {[#]} (23... Qe7 $16 {is a better defense.} 24. Kf1 Nc7) 24. Kf1 $1 $18 Bf6 25. Nf3 c5 (25... Qf7 {was necessary.} 26. Nxg5 Bxg5) 26. Nxg5 Bxg5 27. Qxg5 Qb5+ 28. Ke1 ({Don't play} 28. Kg1 Qxb2 29. Qxd5+ Kh8 $18) 28... Qxb2 29. Qxd5+ Kf8 30. Kd2 cxd4 31. Qxd4 Qxa2 32. Bxf4 Nxf4 33. Qxf4+ Kg7 34. Qg5+ {White is clearly winning.} Kf7 35. Qf5+ Ke8 36. Qc8+ {Precision: White = 70%, Black = 45%.} 1-0

[Event "Winter Chess Classic-B 2018"]
[Site "Saint Louis"]
[Date "2018.11.12"]
[Round "8"]
[White "Kevlishvili, Robby"]
[Black "Gareyev, Timur"]
[Result "1-0"]
[WhiteElo "2461"]
[BlackElo "2584"]
[Annotator "TA"]
[PlyCount "83"]
[EventDate "2018.11.05"]
[EventType "tourn"]
[EventCountry "USA"]
[SourceTitle "playchess.com"]
[Source "ChessBase"]
[SourceQuality "1"]

{[%evp 20,83,32,20,33,27,30,27,52,37,42,14,96,93,104,112,114,73,123,106,120,113,110,102,133,115,142,133,97,37,39,-6,-25,-35,-34,-17,-31,-244,0,0,0,0,0,0,0,0,0,0,0,0,132,-105,-122,-117,0,0,0,0,0,0,0,0,551,628,1492,1500]} 1. e4 e5 2. Nf3 Nc6 3. Bb5 a6 4. Ba4 Nf6 5. O-O Nxe4 6. d4 b5 7. Bb3 d5 8. dxe5 Be6 9. Be3 Be7 10. c3 Na5 11. Nd4 {LiveBook: 7 Games. C83: Open Ruy Lopez: 9 c3 Be7} Qd7 12. f3 Nc5 $1 13. f4 $146 {Hoping for f5.White has an edge.} ({Predecessor:} 13. Re1 Naxb3 14. axb3 O-O 15. b4 Na4 16. b3 Nb6 17. Nd2 f6 18. exf6 Rxf6 {1-0 (41) Kholmov,R (2445)-Spesny,J (2295) Decin 1995}) 13... g6 14. Bc2 Nc4 15. Bc1 Bg4 (15... Ne4 $1 $11 {remains equal.}) 16. Qe1 $1 $16 Ne6 17. b3 $36 {[%mdl 2048] White is in control.} Nb6 18. f5 Nxd4 19. cxd4 Bxf5 20. Bxf5 gxf5 21. Nc3 c5 22. Ne2 {[%mdl 1024] White has strong compensation.} Rg8 23. Be3 c4 24. Ng3 (24. Qd1 $16) 24... Bh4 $14 25. Qa5 Bxg3 26. Qxb6 Rg6 $1 27. Qa5 Bh4 28. Rf3 $2 {[#]} (28. Qc3 $15) 28... Rc8 $2 (28... f4 $1 $19 {[%mdl 512]} 29. Rxf4 (29. Bxf4 Qg4) 29... Bg5) 29. Qd2 $11 cxb3 30. axb3 Rcc6 31. Raf1 Qc8 32. g3 Rc2 33. Qe1 Qc3 ({Don't play} 33... f4 34. Bxf4 (34. Rxf4 $2 Qh3 $19) 34... Be7 35. Bd2 $16) 34. Qd1 ({Much weaker is} 34. Rxf5 Qxe1 35. Rxe1 Rxh2 $17) 34... Qxb3 {[#]} (34... Qb2 $11 {keeps the balance.} 35. R3f2 Rxf2 36. Rxf2 Qc3) 35. Bf2 $2 (35. Bg5 $1 $16 {[%mdl 512] is necessary to keep the advantage.} Rc3 (35... Rxg5 36. Rxb3) 36. Qxb3 Rxb3 37. Rxb3 (37. Bxh4 Rxf3 38. Rxf3 b4 $14) 37... Bxg5 38. Rxf5) 35... Qc4 $17 36. Rxf5 {[#]} Bg5 (36... Qe2 $1 $17 {aiming for ...Qxd1.} 37. Qxe2 Rxe2) 37. Qf3 $11 Rc3 38. Qh5 Bh6 {[#]} 39. e6 $1 {[%mdl 512]} fxe6 40. Rf6 $1 {[%cal Rf6e6] Strongly threatening Rxe6+.} Kd7 $2 {[%mdl 8192]} (40... Rc1 $11 41. Rxe6+ Kd7 42. Rxc1 Qxc1+ 43. Re1 Qc6) 41. Rf7+ $18 Kc6 {Threatens to win with ...Rc1.} 42. Qe5 {Precision: White = 56%, Black = 47%.} 1-0

[Event "Winter Chess Classic-B 2018"]
[Site "Saint Louis"]
[Date "2018.11.13"]
[Round "9"]
[White "Gareyev, Timur"]
[Black "Andriasian, Zaven"]
[Result "1/2-1/2"]
[WhiteElo "2584"]
[BlackElo "2603"]
[Annotator "TA"]
[PlyCount "105"]
[EventDate "2018.11.05"]
[EventType "tourn"]
[EventCountry "USA"]
[SourceTitle "playchess.com"]
[Source "ChessBase"]
[SourceQuality "1"]

{[%evp 22,105,23,0,18,21,12,0,0,-41,0,0,0,0,0,0,4,0,0,0,0,0,30,0,0,0,8,0,24,0,4,0,0,0,3,8,8,3,8,0,16,0,0,0,0,0,0,0,0,0,33,0,0,0,0,0,0,0,52,0,0,3,5,0,-15,-19,-18,-22,-47,-41,-30,-23,0,0,0,0,0,0,0,0,0,0,0,0,0,0]} 1. d4 d5 2. c4 c6 3. Nc3 Nf6 4. Nf3 dxc4 5. a4 Bf5 6. e3 e6 7. Bxc4 Bb4 8. O-O O-O 9. Nh4 Nbd7 10. Nxf5 exf5 11. f3 Rc8 {D18: Slav Defence: 5 a4 Bf5 6 e3} (11... Qb6 12. Kh1 Rad8 13. a5 Bxa5 14. Qa4 Bb4 15. Qxa7 Qc7 16. Bd3 Nb6 17. Qa2 f4 18. Qb3 Be7 19. Ne4 {½-½ (72) Pelletier,Y (2578)-Ivanchuk,V (2733) Cap d'Agde 2013}) 12. Qd3 {LiveBook: 4 Games} Nb6 13. Ba2 c5 14. Rd1 g6 $146 ({Predecessor:} 14... f4 15. exf4 cxd4 16. Nb5 Bc5 17. b4 Bxb4 18. Bb2 Nxa4 19. Bxd4 {1-0 (47) Vasquez Schroder,R (2521)-Sundararajan,K (2446) Dos Hermanas 2004}) 15. Bd2 Qd7 16. Qb5 Rfd8 17. a5 Nbd5 {White must now prevent ...Qxb5.} 18. Qxd7 Rxd7 19. Rac1 Nxc3 20. Bxc3 Bxc3 21. Rxc3 Re8 22. Rxc5 Rxe3 23. Bc4 Ree7 24. d5 {Threatens to win with d6.} Rd6 25. Kf2 Kg7 26. Re1 Red7 {[%cal Rf6d5]} 27. Re5 b6 28. axb6 axb6 29. Rc6 Kf8 30. b4 Rd8 31. b5 Ng8 32. Ke3 Ne7 33. Rxd6 Rxd6 $11 {[%mdl 4096] Endgame KRB-KRN} 34. Kd4 Rd8 35. Re2 Nc8 36. Ra2 Ke7 37. g4 fxg4 38. fxg4 Rd7 39. Re2+ Kf8 ({Black should try} 39... Kd8 $11) 40. Ra2 (40. Bd3 $14) 40... Ke7 41. g5 Ra7 42. Rc2 Ra4 43. Kc3 Nd6 44. Kb3 $1 {[%cal Rb3a4]} Ra1 45. Be2 $1 Rb1+ 46. Kc3 Nxb5+ 47. Bxb5 {The position is equal.} Rxb5 {KR-KR} 48. Kd4 Rb1 49. Rc7+ Kd6 50. Rc6+ Ke7 51. Rc7+ Kd6 52. Rc6+ Ke7 53. Ke4 {Precision: White = 47%, Black = 76%.} 1/2-1/2

[Event "Winter Chess Classic-B 2018"]
[Site "Saint Louis"]
[Date "2018.11.13"]
[Round "9"]
[White "Mikhalevski, Victor"]
[Black "Ali Marandi, Cemil Can"]
[Result "1-0"]
[WhiteElo "2574"]
[BlackElo "2552"]
[Annotator "TA"]
[PlyCount "51"]
[EventDate "2018.11.05"]
[EventType "tourn"]
[EventCountry "USA"]
[SourceTitle "playchess.com"]
[Source "ChessBase"]
[SourceQuality "1"]

{[%evp 18,51,28,23,87,76,132,136,144,95,95,92,90,79,104,87,116,111,114,111,107,97,127,108,164,130,135,130,171,164,341,329,372,366,565,574]} 1. d4 e6 2. c4 b6 3. a3 Bb7 4. Nc3 f5 5. d5 Nf6 6. g3 g6 7. Bg2 {A40: Unusual replies to 1 d4} Bg7 8. Nh3 O-O 9. O-O Na6 10. b4 {LiveBook: 5 Games} Qe8 (10... c6 $11) 11. Ra2 $146 ({Predecessor:} 11. Rb1 h6 12. e4 g5 13. Re1 Ng4 14. Bb2 {1-0 (35) Kotanjian,T (2515)-Halkias,S (2551) Kavala 2006}) 11... h6 ({Black should try} 11... Qc8) 12. e4 $16 fxe4 13. Nxe4 Nxe4 14. Bxe4 exd5 15. Bg2 c6 16. cxd5 Nc7 {[%cal Rc7d5]} 17. Nf4 Nxd5 18. Nxd5 cxd5 19. Rd2 Rf5 20. Rxd5 Rf7 (20... Bxd5 $16 {keeps fighting.} 21. Bxd5+ Rxd5 22. Qxd5+ Kh8) 21. Rd6 Bxg2 22. Kxg2 Qe4+ 23. f3 Qf5 $2 {[#]} (23... Qb1) 24. g4 $1 $18 {[%cal Rg4f5]} Qb1 25. Qd5 Raf8 {[#]} (25... Re8 $142 26. Rxd7 Ref8) 26. Bxh6 $1 {[%mdl 512] Precision: White = 96%, Black = 26%.} 1-0

[Event "Winter Chess Classic-B 2018"]
[Site "Saint Louis"]
[Date "2018.11.13"]
[Round "9"]
[White "Theodorou, Nikolas"]
[Black "Hakobyan, Aram"]
[Result "1/2-1/2"]
[WhiteElo "2539"]
[BlackElo "2565"]
[Annotator "TA"]
[PlyCount "97"]
[EventDate "2018.11.05"]
[EventType "tourn"]
[EventCountry "USA"]
[SourceTitle "playchess.com"]
[Source "ChessBase"]
[SourceQuality "1"]

{[%evp 9,97,0,14,8,29,-16,-6,-35,-22,-78,-75,-101,-38,-49,-56,-43,-46,-64,-68,-58,-40,-57,0,-125,-131,-113,0,-2,-6,0,0,-47,-52,-132,-126,-214,0,0,0,0,0,-42,4,-16,-6,-8,-8,-22,74,68,63,64,62,70,208,213,214,207,223,222,213,203,212,228,197,212,218,195,175,129,150,15,15,15,14,0,0,0,0,0,0,0,0,0,0,0,0,0,0,0]} 1. d4 Nf6 2. Nc3 d5 3. Bf4 a6 4. e3 e6 5. g4 h6 {LiveBook: 6 Games} 6. h4 {D00: 1 d4 d5: Unusual lines} c5 7. Bh3 $146 ({Predecessor:} 7. Qf3 Nc6 8. O-O-O Qa5 9. Kb1 Nd7 10. g5 cxd4 11. exd4 hxg5 12. hxg5 Rxh1 13. Qxh1 {0-1 (49) Alekseenko,K (2563)-Sjugirov,S (2650) Sochi 2017}) 7... Nc6 8. Nge2 b5 9. Ng3 (9. dxc5 $11 Bxc5 10. a3) 9... Nd7 $17 10. Bg2 Nb6 ({Black should try} 10... cxd4 $17 11. exd4 Be7) 11. dxc5 Bxc5 12. e4 $1 {[%cal Re4d5]} e5 13. exd5 exf4 14. Nge4 Ne5 15. Nxc5 Bxg4 (15... Nbc4 $15 16. Qd4 Bxg4) 16. Qd4 (16. f3 $1 $11 b4 17. N3e4 (17. fxg4 bxc3 18. bxc3 O-O $17)) 16... Qf6 {Threatens to win with ...Nf3+.} 17. Kf1 f3 (17... Nbc4 $1 $17 {[%cal Rc4e3] aiming for ...Ne3+!} 18. N3e4 Qg6) 18. Bh3 $11 Bxh3+ 19. Rxh3 O-O 20. Rg3 Rfe8 21. Re1 (21. Kg1 $15) 21... b4 $1 $17 {[%cal Rb4c3]} 22. Nd1 {[#]} (22. Qxb4 $17 {was worth a try.} Nbc4 23. Kg1) 22... Nbc4 $2 ({Better is} 22... Nxd5 $1 $19 {[%mdl 512] And now ...Nf4 would win.} 23. Qxd5 Rad8) 23. Ne3 $11 Nd6 24. Nd3 a5 25. Kg1 Re7 26. Kh2 Rae8 27. Reg1 $132 {[%mdl 2048] White is not keeping still} g6 28. h5 {Strongly threatening hxg6.} g5 (28... Nb5 $11 {keeps the balance.} 29. Qf4 Qxf4 30. Nxf4 g5) 29. Nxe5 $1 $16 Qxe5 30. Qxe5 Rxe5 31. Ng4 Re2 (31... Ne4 $1 $14) 32. Nf6+ $18 ({Worse is} 32. Rxf3 Kg7 $11) 32... Kf8 33. Nxe8 Rxf2+ 34. R3g2 Rxg2+ 35. Rxg2 Nf5 36. Nd6 $1 {[%cal Rd6f5]} Nxd6 {[%mdl 4096] Endgame [#] KR-KN} 37. Rg3 $1 f2 38. Rf3 Ne4 39. Kg2 Ke7 {[#]} 40. c4 (40. d6+ $1 $16 Nxd6 41. Re3+ (41. Kxf2 Ne4+ 42. Ke3 Nd6 $16) 41... Kf6 42. Kxf2) 40... bxc3 $1 $11 {The position is equal.} 41. bxc3 f6 $1 42. c4 {Hoping for c5.} Kd6 43. Rb3 {Rb6+ is the strong threat.} f1=B+ 44. Kxf1 Nd2+ 45. Ke2 Nxb3 46. axb3 Ke5 47. Kf3 f5 48. Kg3 g4 49. Kh4 {Precision: White = 55%, Black = 55%.} 1/2-1/2

[Event "Winter Chess Classic-B 2018"]
[Site "Saint Louis"]
[Date "2018.11.13"]
[Round "9"]
[White "Benjamin, Joel"]
[Black "Van Foreest, Lucas"]
[Result "1-0"]
[WhiteElo "2526"]
[BlackElo "2499"]
[Annotator "TA"]
[PlyCount "120"]
[EventDate "2018.11.05"]
[EventType "tourn"]
[EventCountry "USA"]
[SourceTitle "playchess.com"]
[Source "ChessBase"]
[SourceQuality "1"]

{[%evp 24,120,117,104,119,112,113,107,108,108,109,115,101,109,153,124,117,122,104,112,105,100,141,136,92,0,14,0,0,0,68,56,168,153,187,190,170,176,172,191,195,191,260,264,264,228,250,240,233,178,308,244,252,244,244,240,222,246,235,223,229,214,320,312,294,286,332,249,292,294,795,795,792,790,777,767,687,686,633,454,387,0,731,320,695,684,643,626,533,353,1228,1201,1801,1433,849,0,1264,1204,29983]} 1. c4 Nf6 2. Nc3 e6 3. e4 d5 4. e5 d4 5. exf6 dxc3 6. bxc3 Qxf6 7. Nf3 b6 8. d4 Bb7 9. Bd3 Bd6 {A18: English Opening: Flohr-Mikenas System (1 c4 Nf6 2 Nc3 e6 3 e4)} (9... h6 10. O-O Bd6 11. Nd2 O-O 12. Re1 Qh4 13. h3 c5 14. Ne4 Bc7 15. Rb1 Nd7 16. Nxc5 Nxc5 17. dxc5 {½-½ (26) Radjabov,T (2751)-Wojtaszek,R (2727) Batumi 2018}) 10. Bg5 Bxf3 11. Qd2 Bf4 12. Bxf4 Bxg2 13. Rg1 {LiveBook: 3 Games} Bb7 14. Rg3 Qe7 15. Rxg7 Nd7 16. Bxc7 Nc5 17. Bg3 $146 ({Predecessor:} 17. Bf4 Nxd3+ 18. Qxd3 {1-0 (51) Ermenkov,E (2463)-Orev,P (2228) Sofia 2008}) 17... Nxd3+ 18. Qxd3 O-O-O 19. Qe3 Qf6 20. Be5 Qe7 21. Qg3 Rhf8 22. a4 {And now a5 would win.} Qd7 23. Kd2 Qc6 24. Qf4 (24. a5 $16) 24... Qxc4 25. a5 Qb3 {[#] Strongly threatening ...Qb2+.} ({Much worse is} 25... Ba6 $6 26. Qf3 $16) 26. Rc1 {Bd6 is the strong threat.} Qa2+ (26... Rd7 $11) 27. Rc2 $14 Qxa5 ({Better is} 27... Qd5 $1 $14) 28. Bd6 $18 ({And not} 28. Rxh7 Qd5 $11) 28... Rxd6 29. Qxd6 Rd8 30. Qf4 e5 {[#]} 31. Qg4+ $1 $40 {[%mdl 128] White wants a kill.} ({Not} 31. Qxf7 Rxd4+ 32. Ke3 Re4+ 33. Kd2 Rd4+ 34. Ke3 Re4+ 35. Kd2 Rd4+ $11) 31... Kb8 {Hoping for ...Rxd4+.} 32. Rg8 Rxg8 (32... Qd5 {was worth a try.} 33. c4 Qd6) 33. Qxg8+ {[%mdl 4096] Endgame KQR-KQB} Bc8 34. Qg5 f6 35. Qxf6 exd4 36. Qxd4 Bf5 (36... Qg5+ $142 37. Ke2 Bg4+ 38. Ke1 Qg6) 37. Rc1 Qa2+ 38. Ke1 Qe6+ 39. Qe3 Qd5 40. Qf4+ Kb7 41. c4 Qc5 42. Qf3+ Kb8 (42... Kc7 $142 43. Qg3+ Kc6 44. Qg2+ Kc7 45. Qg7+ Kc6) 43. Qe3 Qb4+ 44. Kf1 Bc8 45. Kg1 a5 46. h3 a4 $2 (46... Bb7 47. c5 Qe4 48. Qxe4 Bxe4 49. cxb6 Kb7) 47. c5 bxc5 48. Rxc5 Bb7 49. Qe5+ Ka7 50. Rb5 Qc4 51. Qe3+ Kb8 52. Rc5 $2 (52. Rg5) 52... Qb4 $1 53. Rc3 (53. Kh2 $142 Qe4 54. Qxe4 Bxe4 55. Rc4) 53... Qb1+ $2 (53... Bd5 54. Rc5 Qe4 55. Qxe4 Bxe4) 54. Kh2 Qb4 55. Kg3 Ka8 56. Rd3 Qa5 $2 (56... Bc6 57. f4 Kb7) 57. f4 h6 58. Qe8+ Ka7 59. Qe3+ Ka8 $1 60. Qe5 Qb4 {Precision: White = 68%, Black = 52%.} 1-0

[Event "Winter Chess Classic-B 2018"]
[Site "Saint Louis"]
[Date "2018.11.13"]
[Round "9"]
[White "Perelshteyn, Eugene"]
[Black "Kevlishvili, Robby"]
[Result "0-1"]
[WhiteElo "2493"]
[BlackElo "2461"]
[Annotator "TA"]
[PlyCount "102"]
[EventDate "2018.11.05"]
[EventType "tourn"]
[EventCountry "USA"]
[SourceTitle "playchess.com"]
[Source "ChessBase"]
[SourceQuality "1"]

{[%evp 12,102,-10,0,0,0,0,-2,0,-21,-25,-27,-29,-31,-5,-5,0,-15,27,28,14,10,10,4,2,-74,-74,-74,-68,-78,-69,-63,-70,-60,-50,-118,-124,-108,-98,-89,-3,-108,-33,-71,-49,-47,-54,-36,4,4,6,0,17,-45,-39,-42,-40,-40,-47,-56,0,0,0,0,0,0,0,0,0,0,0,0,0,-21,-16,-19,-7,-912,-907,-839,-833,-860,-799,-1500,-1093,-1057,-981,-29994,-29995,-29995,-29996,-29996,-29997]} 1. d4 d5 2. c4 c6 3. cxd5 cxd5 4. Nc3 Nf6 5. Bg5 Ne4 6. Nxe4 {D10: Slav Defence: 3 cxd5 (without early Nf3) and 3 Nc3} dxe4 7. a3 {LiveBook: 13 Games} h6 (7... Qd5 8. Bh4 e3 9. fxe3 Nc6 10. Nf3 Bf5 11. g4 Bxg4 12. Bg2 Bf5 13. O-O Be4 14. Qe1 f6 15. Rc1 e6 16. Bh3 Bf5 17. Bg2 Be4 18. Bh3 Bf5 19. Bg2 Be4 20. Bh3 {½-½ (20) Ivanisevic,I (2650)-Giri,A (2755) Baku 2016}) 8. Bd2 $146 {The position is equal.} ({Predecessor:} 8. Bf4 Nc6 9. d5 e5 10. dxc6 Qxd1+ 11. Rxd1 exf4 12. cxb7 Bxb7 13. e3 a6 14. exf4 {0-1 (43) Kraus,O (2337)-Huzman,A (2548) Israel 2017}) 8... Qxd4 9. Qc2 Bd7 10. Bc3 (10. e3 {looks sharper.} Qa4 11. b3 Qc6 12. Qb2 Qg6 13. Ne2) 10... Qa4 11. b3 $1 {[%cal Rb3a4]} Qc6 12. Qb2 Qg6 13. e3 Nc6 14. b4 e6 {[%cal Be7e6,Be6e5][%mdl 32]} 15. Ne2 f6 16. Nf4 Qf7 $1 17. Be2 h5 $1 $36 {[%mdl 2048] Black has good play.} 18. O-O-O (18. Bd1 $11 {remains equal.}) 18... e5 $17 19. Nd5 Be6 20. Bc4 O-O-O 21. Qb3 {Nb6+! is the strong threat.} Kb8 22. b5 {[#]} Nd4 $1 {[%cal Rd4b3][%mdl 512]} 23. Bxd4 (23. exd4 $15 Bxd5 24. Bxd5 Qxd5 25. Kb2) 23... exd4 24. Rxd4 Rc8 25. Kb1 Bc5 (25... Bd6 $17 {Strongly threatening ...Rc5.} 26. b6 a6) 26. Rd2 (26. Nc3 $11 {keeps the balance.} Rhe8 27. Bxe6 Qxe6 28. Qxe6 Rxe6 29. Rxe4 Rxe4 30. Nxe4) 26... Rhd8 (26... Bd6 $1 $17 27. Rc1 Rc5) 27. Rhd1 Rd6 28. a4 Rcd8 29. a5 Bxd5 30. Rxd5 Qc7 31. Rc1 Rc8 (31... b6 {keeps more tension.} 32. a6 Rxd5 33. Bxd5 f5 34. g3 Qe5) 32. Rxh5 (32. a6 $11) 32... Qxa5 $15 {Hoping for ...Bb4.} 33. Be6 Rxe6 34. Rhxc5 (34. Qxe6 $2 {is the wrong capture.} Qxb5+ 35. Ka2 (35. Ka1 {leads to mate.} Bd4+ 36. exd4 Rxc1+ 37. Ka2 Rc2+ 38. Ka3 Rc3+ 39. Ka2 Qe2+ 40. Kb1 Qd1+ 41. Kb2 Qd2+ 42. Kb1 Rc1#) 35... Qe2+ 36. Kb1 Qxh5 $19) 34... Rxc5 35. Rxc5 {[%mdl 4096] Endgame KQR-KQR} Re8 ({Black should play} 35... Rd6 $1 $15) 36. Kb2 $11 Rd8 37. Rc2 Qb6 38. h4 a6 39. bxa6 Qxa6 40. Qa3 Qb5+ 41. Qb3 Qe5+ 42. Ka2 Rd3 43. Qb4 Rd6 {White must now prevent ...Ra6+.} 44. Kb1 $2 {[%mdl 8192]} (44. Rb2 $11 Qd5+ 45. Qb3) 44... Rd1+ $1 $19 45. Rc1 {[#]} Rd5 $1 46. Qf8+ Ka7 47. Rc4 Rb5+ 48. Rb4 {[#]} Ra5 $1 {( -> ...Qa1+)} 49. Kc2 Ra2+ {Black mates.} 50. Kb3 Qb2+ 51. Kc4 Qc2+ {Precision: White = 50%, Black = 66%.} 0-1